Bajo el signo de las masas (1943-1973) /

Guardado en:
Autor Principal: Altamirano, Carlos
Formato: Libro
Publicado: Buenos Aires : Emecé, 2007
Series:Biblioteca del Pensamiento Argentino; No. 6
Materias:
Etiquetas: Agregar Etiqueta
Sin Etiquetas, Sea el primero en etiquetar este registro!
LEADER 00758nam a22002295a 4500
001 CEM.cems012848
005 20080424094804.0
008 130507s2007##################000#0#####d
003 CEMS
020 |a 9789500429559 
082 0 4 |a 982.06 
100 1 |a Altamirano, Carlos 
245 1 0 |a Bajo el signo de las masas (1943-1973) /  |c Carlos Altamirano 
260 |a Buenos Aires :  |b Emecé,  |c 2007 
300 |a 135 p. 
490 0 |a Biblioteca del Pensamiento Argentino; No. 6 
500 |a Incluye apéndice documental en Cd-rom 
505 0 |a La era social -- Desarrollo y desarrollistas -- Revoluciones 
653 |a Historia 
653 |a Historia argentina 
653 |a Historia argentina 1943-1973 
859 |a CEMS  |b BIB. CEMS - 11 de abril  |h 982.06  |i Al69  |p 25120.08  |t Ej.1